00968nam a2200229Ia 4500003000900000008004100009040001600050080002100066245018400087260006800271300002300339490003700362650004100399650004300440650004300483700003000526700003200556700003200588942000700620999001500627952009600642IN-BaIIA211028s9999 xx 000 0 eng d cIIA Library a083.8:52-76bGEZ 0aCatalog of infrared observations including bibliography of Infrared astronomy and index of infrared source positionscedited by D. Y. Gezari, Marion Schmitz and Jaylee M. Meao  aWashingtonbNational Aeronautics and Space Administrationc1984 a[various pagings.] aNASA reference publication; 1118 aAstronomy and Astrophysics Thesaurus aCatalogue-Infrared Observations913572 aInfrared Observations Catalogue913573 aGezari, D. Y., ed.913574 aMeao, Jaylee M., ed.913575 aSchmitz, Marion, ed.913576 cBK c8045d8045 00104070aBANbBANcGENd1985-01-16l0o083.8:52-76/GEZp8874r2021-11-05w1985-01-16yBK